|
|
|
|
| LEADER |
04068nam a22005775i 4500 |
| 001 |
978-3-540-68772-6 |
| 003 |
DE-He213 |
| 005 |
20151204164837.0 |
| 007 |
cr nn 008mamaa |
| 008 |
100301s2008 gw | s |||| 0|eng d |
| 020 |
|
|
|a 9783540687726
|9 978-3-540-68772-6
|
| 024 |
7 |
|
|a 10.1007/978-3-540-68772-6
|2 doi
|
| 040 |
|
|
|d GrThAP
|
| 050 |
|
4 |
|a TA329-348
|
| 050 |
|
4 |
|a TA640-643
|
| 072 |
|
7 |
|a TBJ
|2 bicssc
|
| 072 |
|
7 |
|a MAT003000
|2 bisacsh
|
| 082 |
0 |
4 |
|a 519
|2 23
|
| 100 |
1 |
|
|a Sutradhar, Alok.
|e author.
|
| 245 |
1 |
0 |
|a Symmetric Galerkin Boundary Element Method
|h [electronic resource] /
|c by Alok Sutradhar, Glaucio H. Paulino, Leonard J. Gray.
|
| 264 |
|
1 |
|a Berlin, Heidelberg :
|b Springer Berlin Heidelberg,
|c 2008.
|
| 300 |
|
|
|a XVIII, 276 p. 106 illus., 22 illus. in color.
|b online resource.
|
| 336 |
|
|
|a text
|b txt
|2 rdacontent
|
| 337 |
|
|
|a computer
|b c
|2 rdamedia
|
| 338 |
|
|
|a online resource
|b cr
|2 rdacarrier
|
| 347 |
|
|
|a text file
|b PDF
|2 rda
|
| 505 |
0 |
|
|a Boundary Integral Equations -- Two Dimensional Analysis -- Three Dimensional Analysis -- Surface Gradient -- Axisymmetry -- Interface and Multizone -- Error Estimation and Adaptivity -- Fracture Mechanics -- Nonhomogenous Media -- Bean: Boundary Element Analysis Program.
|
| 520 |
|
|
|a Symmetric Galerkin Boundary Element Method presents an introduction as well as recent developments of this accurate, powerful, and versatile method. The formulation possesses the attractive feature of producing a symmetric coefficient matrix. In addition, the Galerkin approximation allows standard continuous elements to be used for evaluation of hypersingular integrals. FEATURES • Written in a form suitable for a graduate level textbook as well as a self-learning tutorial in the field. • Covers applications in two-dimensional and three-dimensional problems of potential theory and elasticity. Additional basic topics involve axisymmetry, multi-zone and interface formulations. More advanced topics include fluid flow (wave breaking over a sloping beach), non-homogeneous media, functionally graded materials (FGMs), anisotropic elasticity, error estimation, adaptivity, and fracture mechanics. • Presents integral equations as a basis for the formulation of general symmetric Galerkin boundary element methods and their corresponding numerical implementation. • Designed to convey effective unified procedures for the treatment of singular and hypersingular integrals that naturally arise in the method. Symbolic codes using Maple® for singular-type integrations are provided and discussed in detail. • The user-friendly adaptive computer code BEAN (Boundary Element ANalysis), fully written in Matlab®, is available as a companion to the text. The complete source code, including the graphical user-interface (GUI), can be downloaded from the web site http://www.ghpaulino.com/SGBEM_book. The source code can be used as the basis for building new applications, and should also function as an effective teaching tool. To facilitate the use of BEAN, a video tutorial and a library of practical examples are provided.
|
| 650 |
|
0 |
|a Engineering.
|
| 650 |
|
0 |
|a Numerical analysis.
|
| 650 |
|
0 |
|a Applied mathematics.
|
| 650 |
|
0 |
|a Engineering mathematics.
|
| 650 |
|
0 |
|a Computational intelligence.
|
| 650 |
|
0 |
|a Continuum mechanics.
|
| 650 |
|
0 |
|a Structural mechanics.
|
| 650 |
|
0 |
|a Fluid mechanics.
|
| 650 |
1 |
4 |
|a Engineering.
|
| 650 |
2 |
4 |
|a Appl.Mathematics/Computational Methods of Engineering.
|
| 650 |
2 |
4 |
|a Computational Intelligence.
|
| 650 |
2 |
4 |
|a Numerical Analysis.
|
| 650 |
2 |
4 |
|a Continuum Mechanics and Mechanics of Materials.
|
| 650 |
2 |
4 |
|a Structural Mechanics.
|
| 650 |
2 |
4 |
|a Engineering Fluid Dynamics.
|
| 700 |
1 |
|
|a Paulino, Glaucio H.
|e author.
|
| 700 |
1 |
|
|a Gray, Leonard J.
|e author.
|
| 710 |
2 |
|
|a SpringerLink (Online service)
|
| 773 |
0 |
|
|t Springer eBooks
|
| 776 |
0 |
8 |
|i Printed edition:
|z 9783540687702
|
| 856 |
4 |
0 |
|u http://dx.doi.org/10.1007/978-3-540-68772-6
|z Full Text via HEAL-Link
|
| 912 |
|
|
|a ZDB-2-ENG
|
| 950 |
|
|
|a Engineering (Springer-11647)
|